000 00292nam a2200109 4500
999 _c10094
_d10094
008 180801b ||||| |||| 00| 0 eng d
245 _aEat great & lose weight.
260 _aPhilippines
_bThe Philippine Star
_cc2016
300 _apage C-2.
650 0 _929804
_aWeight loss.
942 _2ddc
_cPER